000
00308nam a2200145Ia 4500
008
220923s9999 xx 000 0 und d
082
_b
GUP
100
_a
GUPTE, A.G.
245
4
_a
THE FAMILY COURTS ACT 1984
250
_a
2ND
260
_c
2013
300
_a
270
650
_a
Family Law
942
_c
BK
999
_c
196066
_d
196066